书目信息 |
| 题名: |
线性代数教程学习指导
|
|
| 作者: | 严守权 编 | |
| 分册: | ||
| 出版信息: | 北京 清华大学出版社 2007.11 |
|
| 页数: | 195页 | |
| 开本: | 24cm | |
| 丛书名: | ||
| 单 册: | ||
| 中图分类: | O151.2 | |
| 科图分类: | ||
| 主题词: | 线性代数--xian xing dai shu--高等学校--教学参考资料 | |
| 电子资源: | ||
| ISBN: | 978-7-302-16171-4 | |
| 000 | 00810nam0 2200241 450 | |
| 001 | 003666385 | |
| 005 | 20080927162203.04 | |
| 010 | @a978-7-302-16171-4@dCNY18.00 | |
| 100 | @a20070608d2007 em y0chiy50 ea | |
| 101 | 0 | @achi |
| 102 | @aCN@b110000 | |
| 105 | @ay z 000yy | |
| 200 | 1 | @a线性代数教程学习指导@Axian xing dai shu jiao cheng xue xi zhi dao@f严守权编 |
| 210 | @a北京@c清华大学出版社@d2007.11 | |
| 215 | @a195页@d24cm | |
| 300 | @a工科教学基础 | |
| 330 | @a本书介绍行列式、矩阵、向量、线性方程组、二次型等,通过精选典型例题,对教材的每个章节进行系统的归纳总结,进行答疑解惑。 | |
| 606 | 0 | @a线性代数@Axian xing dai shu@x高等学校@j教学参考资料 |
| 690 | @aO151.2@v4 | |
| 701 | 0 | @a严守权@Ayan shou quan@4编 |
| 801 | @aCN@b110120@c20080927 | |
| 905 | @aZUCC@dO151.2@eY060 | |
| 999 | @aCYP | |
| 线性代数教程学习指导/严守权编.-北京:清华大学出版社,2007.11 |
| 195页;24cm |
| 工科教学基础 |
| ISBN 978-7-302-16171-4:CNY18.00 |
| 本书介绍行列式、矩阵、向量、线性方程组、二次型等,通过精选典型例题,对教材的每个章节进行系统的归纳总结,进行答疑解惑。 |
| ● |
| 相关链接 |
|
|
|
正题名:线性代数教程学习指导
索取号:O151.2/Y060
 
预约/预借
| 序号 | 登录号 | 条形码 | 馆藏地/架位号 | 状态 | 备注 |
| 1 | 840189 | 208401898 | 自科库401/401自科库 71排1列2层/ [索取号:O151.2/Y060] | 在馆 | |
| 2 | 840190 | 208401905 | 自科库401/401自科库 71排1列2层/ [索取号:O151.2/Y060] | 在馆 | |
| 3 | 840191 | 208401914 | 自科库401/401自科库 71排1列2层/ [索取号:O151.2/Y060] | 在馆 |